000 00215nam a2200097Ia 4500
008 170619s9999 xx 000 0 und d
100 _aPathak- Amar
245 0 _aEngineering Drawing
260 _bDreamtech
260 _c2010
546 _aENGLISH
999 _c20603
_d20603